000 00501cam a2200145 4500500
005 20251012032515.0
041 _afre
042 _adc
100 1 0 _aSesé, Bernard
_eauthor
245 0 0 _aMercedes Allendesalazar, Thérèse d’Avila, l’image au féminin. Éditions du Seuil, 2002, 284 p.
260 _c2003.
500 _a93
786 0 _nSigila | 11 | 1 | 2003-06-20 | p. 209-211 | 1286-1715
856 4 1 _uhttps://shs.cairn.info/revue-sigila-2003-1-page-209?lang=fr&redirect-ssocas=7080
999 _c1547524
_d1547524